| 000 | 02382cam a2200517Ii 4500 | ||
|---|---|---|---|
| 001 | sjds863349 | ||
| 003 | sjds | ||
| 005 | 20161003135438.0 | ||
| 008 | 131118t20142014scua j 000 0 spa c | ||
| 010 | _a 2013044816 | ||
| 020 | _a9781628552218 (trade paperback) | ||
| 020 | _a1628552212 (trade paperback) | ||
| 035 | _a815090 | ||
| 035 |
_a(OCoLC)863632699 _z(OCoLC)923796015 |
||
| 035 | _a(OCoLC)ocn863632699 | ||
| 035 | _a803136 | ||
| 035 | _a815090 | ||
| 035 | _a815090 | ||
| 040 |
_aNJQ/DLC _beng _erda _cZQP _dDLC _dBTCTA _dOCLCQ _dIFA |
||
| 041 | 1 |
_aspa _heng |
|
| 042 | _apcc | ||
| 049 | _aIFAA | ||
| 099 |
_a639.34 _f2015 |
||
| 100 | 1 |
_aCurtis, Jennifer Keats, _eauthor. |
|
| 240 | 1 | 0 |
_aAquariums. _lSpanish |
| 245 | 1 | 0 |
_aAcuarios / _cpor Jennifer Keats Curtis con The Florida Aquarium, Georgia Aquarium, Monterey Bay Aquarium, National Aquarium, Shedd Aquarium, and Tennessee Aquarium. |
| 260 |
_aMount Pleasant, SC : _bSylvan Dell Publishing, _c[2014] |
||
| 264 | 1 |
_aMount Pleasant, SC : _bSylvan Dell Publishing, _c[2014] |
|
| 300 |
_a1 volume (unpaged) : _bcolor illustrations ; _c26 cm. |
||
| 336 |
_atext _btxt _2rdacontent |
||
| 337 |
_aunmediated _bn _2rdamedia |
||
| 338 |
_avolume _bnc _2rdacarrier |
||
| 490 | 1 | _aAnimal helpers | |
| 500 | _a“Incluye 4 páginas de actividades para la enseñanza” – back cover. | ||
| 520 |
_a"Where else could you stay dry while visiting aquatic animals from around the world? Only in an aquarium can you visit and learn about all these different local and exotic animals. Aquarium staff care for and teach about these animals, as well as work to conserve and protect threatened and endangered species. Follow this behind-the-scenes photographic journal as it leads you into the wondrous world of aquariums and the animal helpers who work there"-- _cProvided by publisher. |
||
| 521 | 1 | _a4-9. | |
| 526 | 0 |
_aAccelerated Reader AR _bLG _c4.4 _d0.5 _z164409. |
|
| 650 | 0 |
_aPublic aquariums _xEmployees _vJuvenile literature. |
|
| 650 | 0 |
_aPublic aquariums _vJuvenile literature. |
|
| 650 | 0 |
_aAquarium animals _vJuvenile literature. |
|
| 650 | 7 |
_aAcuarios ?pblicos _vLiteratura juvenil. _2bidex |
|
| 650 | 7 |
_aAcuarios ?pblicos _xEmpleados _vLiteratura juvenil. _2bidex |
|
| 650 | 7 |
_aAnimales de acuario _vLiteratura juvenil. _2bidex |
|
| 800 | 1 |
_aCurtis, Jennifer Keats. _tAnimal helpers. |
|
| 942 |
_2ddc _cBK |
||
| 999 |
_c16266 _d16266 |
||